Correspondencia literaria. Años 1859-1881
Guardat en:
| Autor principal: | |
|---|---|
| Format: | Llibre |
| Idioma: | espanyol |
| Publicat: |
Buenos Aires
Imprenta de La Nación
1912
|
| Edició: | 1a. ed |
| Col·lecció: | Archivo del General Mitre, XX y XXI
|
| Matèries: | |
| Etiquetes: |
Afegir etiqueta
Sense etiquetes, Sigues el primer a etiquetar aquest registre!
|
MARC
| LEADER | 00000nam a2200000 a 4500 | ||
|---|---|---|---|
| 001 | UCJ7045 | ||
| 003 | CL-VaPUC | ||
| 008 | 070124e19120000AG |||||||||||||||||spa|d | ||
| 082 | 0 | 4 | |a 982 |b MIT |2 21 |
| 100 | |a Mitre, Bartolomé |e autor |9 315189 | ||
| 245 | 1 | 0 | |a Correspondencia literaria. Años 1859-1881 |
| 250 | |a 1a. ed | ||
| 300 | |a 2 v | ||
| 942 | |c BK | ||
| 945 | |d 20070124 00:00:00 |a rinostro | ||
| 260 | |a Buenos Aires |b Imprenta de La Nación |c 1912 | ||
| 500 | |a La numeración de los volúmenes corresponde a la obra Correspondencia Literaria y no coincide con la numeración, romana, de los volúmenes de la Serie Archivo del General Mitre | ||
| 600 | 0 | |a Barros Arana, Diego |9 316241 | |
| 600 | 0 | 7 | |a INSTITUTO NACIONAL |2 CL-VaPUC |9 342453 |
| 600 | 0 | 7 | |a ALBISTUR, JACINTO |2 CL-VaPUC |9 514918 |
| 600 | 0 | 7 | |a AMUNATEGUI, MIGUEL LUIS |2 CL-VaPUC |9 506140 |
| 600 | 0 | 7 | |a OLLANTAY |2 CL-VaPUC |9 514919 |
| 600 | 0 | 7 | |a BEECHE, GREGORIO |2 CL-VaPUC |9 504452 |
| 600 | 0 | |a Irisarri, Hermógenes de |d 1819-1886 |9 506000 | |
| 600 | 0 | |a Vicuña Mackenna, Benjamín, |d 1831-1886 |x Político e historiador |z Chile |9 374 | |
| 600 | 0 | 7 | |a MOUSSY, MARTIN DE |2 CL-VaPUC |9 514921 |
| 650 | 7 | |a DOCUMENTOS HISTORICOS |2 CL-VaPUC |9 438868 | |
| 650 | 7 | |a PRESIDENTES ARGENTINOS |2 CL-VaPUC |9 458544 | |
| 650 | 0 | |a Crítica literaria |9 269189 | |
| 650 | 0 | |a Historiografía |9 257871 | |
| 650 | 0 | |a Bibliografías |9 257071 | |
| 650 | 7 | |a CLERICALISMO |2 CL-VaPUC |9 507038 | |
| 650 | 7 | |a TEATRO INCA |2 CL-VaPUC |9 514922 | |
| 650 | 0 | |a Correspondencia |9 258963 | |
| 650 | 0 | |a Diplomacia |9 256483 | |
| 651 | 0 | |a Bolivia |9 255454 | |
| 651 | 0 | |a Brasil |9 267393 | |
| 651 | 0 | |a Paraguay |9 255336 | |
| 583 | |a last modification |c 20070124 00:00:00 |k Rodrigo Vera | ||
| 490 | 0 | |a Archivo del General Mitre, XX y XXI | |
| 999 | |c 323147 |d 323145 | ||
| 952 | |0 0 |1 0 |4 0 |6 982_000000000000000_MIT_1912 |7 0 |8 X |9 402514 |a FDOBUD |b FDOBUD |d 2019-11-22 |h v.1 |i 1057596 |o 982 MIT 1912 |p 1057596 |r 2019-11-22 |w 2019-11-22 |y BK_X |k BUD | ||
| 952 | |0 0 |1 0 |4 0 |6 982_000000000000000_MIT_1912 |7 0 |8 X |9 402515 |a FDOBUD |b FDOBUD |d 2019-11-22 |h v.1 |i 105760K |o 982 MIT 1912 |p 105760K |r 2019-11-22 |w 2019-11-22 |y BK_X |k BUD | ||
| 952 | |0 0 |1 0 |4 0 |6 982_000000000000000_MIT_1912 |7 0 |8 X |9 402516 |a FDOBUD |b FDOBUD |d 2019-11-22 |h v.2 |i 1057618 |o 982 MIT 1912 |p 1057618 |r 2019-11-22 |w 2019-11-22 |y BK_X |k BUD | ||